| 000 | 00323nam a22001337a 4500 | ||
|---|---|---|---|
| 020 | _a9789692300223 | ||
| 040 | _cNUST | ||
| 082 | _a891.4394 NAG | ||
| 100 |
_aNaghma Habib _951267 |
||
| 245 | _aTajdeed-e-wafa | ||
| 260 |
_aKarachi: _bMehran Publishers, _c2016. |
||
| 650 |
_aHistory of Pakistan _95264 |
||
| 942 |
_2ddc _cBK |
||
| 999 |
_c594924 _d594924 |
||